000 00717nam a22001937a 4500
003 OSt
005 20251208072007.0
008 251208b |||||||| |||| 00| 0 eng d
040 _aSEKU
050 _aLB 2825
_b.M8 2025
100 _aMusyimi,Charles Mumina
245 _aEducational subsidies and students participation rates in education in public secondary schools in Makueni county, Kenya/ A thesis submitted in partial fulfilment of the requirements for the degree of doctor of philosophy in educational economics and planning of South Eastern Kenya University.
260 _aSEKU:
_bSEKU;
_c2025.
300 _a129P,;.
650 _aEducation
650 _aschool
650 _afinance
942 _2lcc
_cTHE
999 _c18732
_d18732